Historia de la argentina : siglos xviii, xix y xx :

Guardado en:
Autor Principal: Barral, María Elena
Otros Autores: Blasco, María Elena
Formato: Libro
Publicado: Buenos Aires : Estrada
Series:Estrada polimodal. Serie Libros con libros
Materias:
Etiquetas: Agregar Etiqueta
Sin Etiquetas, Sea el primero en etiquetar este registro!
LEADER 01018nam a22002655a 4500
001 CEM.cems010619
005 20080219193038.0
008 130507b######################000#0#####d
003 CEMS
020 |a 9500107961 
082 0 4 |a Z982 
100 1 |a Barral, María Elena 
245 1 0 |a Historia de la argentina :  |b siglos xviii, xix y xx :  |c María Elena Barral, María Elida Blasco 
260 |a Buenos Aires :  |b Estrada 
300 |a 87 p. 
490 0 |a Estrada polimodal. Serie Libros con libros 
500 |a Esta obra acompaña al libro Historia de la Argentina. Siglos Xviii, Xix y Xx. 
653 |a Historia 
653 |a Historia argentina 
653 |a Atlas histórico-historia argentina 
700 1 |a Blasco, María Elena 
859 |a CEMS  |b BIB. CEMS - 11 de abril  |h Z982  |i B272-1  |p 21156.01  |t Ej.1 
859 |a CEMS  |b BIB. CEMS - 11 de abril  |h Z982  |i B272-1  |p 22189.03  |t Ej.2 
859 |a CEMS  |b BIB. CEMS - 11 de abril  |h Z982  |i B272-1  |p 22190.03  |t Ej.3 
859 |a CEMS  |b BIB. CEMS - 11 de abril  |h Z982  |i B272-1  |p 22191.03  |t Ej.4